000 00555cam a22002053a 4500
001 42656
003 PGUSA
005 20140828083951.0
008 130507s2013||||xxu|||||s|||||000 | eng d
040 _aPGUSA
_beng
042 _adc
100 1 _aCurtis, T. D.
245 1 4 _aThe Cross and Crown
_h[electronic resource] /
_cT. D. Curtis
260 _bProject Gutenberg,
_c2013
506 _aPublic domain in the USA.
516 _aElectronic text
830 0 _aProject Gutenberg
_v42656
856 4 0 _uhttp://www.gutenberg.org/ebooks/42656
942 _cEB
999 _c271908
_d271908